| 000 | 00852nam a2200205 4500 | ||
|---|---|---|---|
| 001 | 113246 | ||
| 003 | ES-MaACL | ||
| 007 | t| | ||
| 008 | 061121s1949 sp r ||||1| spa d | ||
| 100 | 1 |
_aNussbaum, Arthur. _986245 |
|
| 245 | 1 | 0 |
_aHistoria del Derecho Internacional / _cArthur Nussbaum ; [traducción de Francisco Javier Osset] ; adiciones sobre Historia de la Doctrina Hispánica de Derecho Internacional por Luis García Arias. |
| 260 |
_aMadrid : _bRevista de Derecho Privado, _c1949. |
||
| 300 |
_a600 p. ; _c22 cm. |
||
| 490 | 1 |
_aGrandes tratados de derecho privado y público ; _v35 |
|
| 700 | 1 |
_aOsset, Francisco Javier. _987784 |
|
| 700 | 1 |
_aGarcía Arias, Luis. _954185 |
|
| 830 | 0 | 0 |
_aGrandes tratados generales de derecho privado y público _v35 _9233176 |
| 852 |
_aES-MaACL _jB-1902 _bR.29177 |
||
| 999 |
_c113246 _d113246 |
||